Statistics for World Capitals Closest to Reykjavík - One Minute Sprint

Click here to take the quiz!

General Stats

  • This quiz has been taken 27 times
  • The average score is 14 of 20

Answer Stats

kmcapitalmiles% Correct
1751Oslo1088
100%
1891London1175
96%
2236Paris1389
96%
1496Dublin930
92%
2391Berlin1486
88%
2136Stockholm1327
88%
2021Amsterdam1256
83%
2421Helsinki1504
83%
2131Brussels1324
79%
2110Copenhagen1311
79%
2617Bern1626
71%
2317Luxembourg1440
67%
2230N{uuk}1386
63%
2641Prague1641
50%
2581Riga1604
50%
2686Vaduz1669
50%
2775Warsaw1724
50%
2455Tallinn1525
46%
798T{órshavn}496
42%
2795Vilnius1737
42%

Score Distribution

Percentile by Number Answered

Percent of People with Each Score

Your Score History

You have not taken this quiz